| 000 | 01007nam a22002175i 4500 | ||
|---|---|---|---|
| 001 | 160841 | ||
| 003 | ES-MaACL | ||
| 005 | 20250807013019.0 | ||
| 008 | 981211s1847 sp a |||| | spa d | ||
| 040 |
_aCYL _bspa _cCYL |
||
| 100 | 1 |
_aNuñez de la Peña, Juan. _9130560 |
|
| 245 | 1 | 0 |
_aConquista y antiguedades de las Islas de Gran Canaria y su descripcion _b: con muchas advertencias de sus privilegios, conquistadores, pobladores, y otras particularidades, en la muy poderosa Isla de Tenerife ... / _ccompuesto por Juan Nuñez de la Peña ..., impreso en Madrid año de 1676. |
| 250 | _aReimp. | ||
| 260 |
_aReimpreso en Santa Cruz de Tenerife : _b[s.n.], _c1847 ( _fImprenta Isleña, Regente Miguel Miranda) |
||
| 300 |
_a[3] h., V, 550 p., [9] h. ; _c22 cm. |
||
| 490 | 1 | _aBiblioteca Isleña | |
| 650 | 4 |
_a _9241641 |
|
| 830 | 0 |
_aBiblioteca Isleña _9183694 |
|
| 852 |
_aES-MaACL _jG-11538(1) _z-- Enc. hol. _q-- Falto de la cub. original _z-- Enc. en un vol. facticio |
||
| 999 |
_c160841 _d160841 |
||